| 000 | 01442nam a2200301 i 4500 | ||
|---|---|---|---|
| 001 | 156308 | ||
| 003 | ES-MaACL | ||
| 005 | 20250905164032.0 | ||
| 008 | 950125s1548 sp |||| | spa d | ||
| 040 |
_aEUS _bspa _cEUS |
||
| 100 | 0 |
_aJerónimo, _cSanto _966343 |
|
| 245 | 1 | 0 |
_aEpistolas del glorioso doctor sant Hieronymo, agora nueuamete ipressas / _c[traduzidas de latin en lengua castellana ... por ... Iuan de Molina]. |
| 260 |
_aFue impressa en... Seuilla... : _ben casa de Iacome Cromberger, _c1548. |
||
| 300 |
_a[8], [8], CCXLVII, [1] h.. ; _cFol. |
||
| 530 | _aDisponible en formato digital. | ||
| 596 | _aColofón orlado, de donde se ha tomado la explicación de tít., lugar de imp. e impresor. | ||
| 597 | _aSign.: [cruz griega]8, a-z8, ü6, ?8, [ ]8, A-E8. | ||
| 597 | _aTexto a dos col. | ||
| 597 | _aPort. xil. orlada arquitectónica y a dos tintas. | ||
| 597 | _aGrab. xil. a toda plana en v. de port. (Virgen con el Niño) | ||
| 597 | _aLetra gótica. | ||
| 650 | 0 | 7 |
_aLiteratura religiosa _2embne _914656 |
| 700 | 1 |
_aMolina, Juan de, _dfl. 1517-1552 _9156268 |
|
| 700 | 1 |
_aCromberger, Jacobo ( _dfl. 1503-1529) _9163564 |
|
| 852 |
_aES-MaACL _jR-158 _z- Enc. pasta española _z. - Ex-libris manuscrito de la Librería de la Victoria de Madrid _x Olim: C-2351 |
||
| 856 |
_uhttp://bdh-rd.bne.es/viewer.vm?id=0000085021&page=1 _zBiblioteca Digital Hispánica |
||
| 999 |
_c156308 _d156308 |
||